|
|
|
|
| LEADER |
00000nab a2200000 a 4500 |
| 001 |
vtls009093656 |
| 003 |
SK-MaSNL |
| 005 |
20260304180202.0 |
| 008 |
250507c2007 xo zr|p|||an |000 b|slo |
| 015 |
|
|
|a SNBRB2007/09
|
| 035 |
|
|
|a (uuid)7f922c49-76b1-4f08-ad04-184bf70f39af
|
| 035 |
|
|
|a urn:nbn:sk:snk-ab9t4f
|
| 035 |
|
|
|a (urnnbn)urn:nbn:sk:snk:ar-a08rwh
|
| 038 |
|
|
|a SPK
|
| 040 |
|
|
|a SNKBUCL
|b slo
|c SNKBUCL
|e AACR2
|
| 041 |
0 |
|
|a cze
|b cze
|b eng
|
| 044 |
|
|
|a xo
|c SK
|
| 072 |
|
7 |
|a 37
|x Výchova a vzdelávanie
|2 konspekt
|
| 072 |
|
7 |
|a 004
|x Počítačová veda. Výpočtová technika. Informačné technológie
|2 konspekt
|
| 080 |
|
|
|a 377.4:35
|2 1997
|
| 080 |
|
|
|a 35
|2 1997
|
| 080 |
|
|
|a 37.018.43
|2 1997
|
| 080 |
|
|
|a 004
|2 1997
|
| 100 |
1 |
|
|a Horváthová, Zuzana,
|4 aut
|9 9650
|
| 245 |
1 |
0 |
|a Rozvoj distančního vzdělávání a integrace e-learningu na Vyšší policejní škole Ministerstva vnitra České republiky v Praze v profesním vzdělávání
|c Zuzana Horváthová, Jiří Zlámal
|
| 504 |
|
|
|a Bibliogr. odkazy
|
| 546 |
|
|
|a Res. angl., čes.
|
| 650 |
0 |
7 |
|a celoživotné vzdelávanie
|2 snkbucl
|9 28858
|
| 650 |
0 |
7 |
|a dištančné vzdelávanie
|2 snkbucl
|9 4329
|
| 650 |
0 |
7 |
|a polícia
|2 snkbucl
|9 1673
|
| 650 |
0 |
7 |
|a informačné technológie
|2 snkbucl
|9 1527
|
| 650 |
0 |
7 |
|a e-learning
|2 snkbucl
|9 28660
|
| 650 |
0 |
7 |
|a videokonferencie
|2 snkbucl
|9 318933
|
| 650 |
0 |
7 |
|a projekty
|2 snkbucl
|9 18866
|
| 700 |
1 |
|
|a Zlámal, Jiří,
|4 aut
|9 796541
|
| 773 |
0 |
|
|t Technológia vzdelávania
|g Roč. XV, č. 7 (2007), s. 10-13
|x 1335-003X
|
| 850 |
|
|
|a Slovenská národná knižnica
|
| 852 |
|
|
|a Slovenská národná knižnica
|
| 958 |
|
|
|a article13
|
| 958 |
|
|
|a NB
|
| 958 |
|
|
|a OND
|
| 958 |
|
|
|a EUIPO
|
| 999 |
|
|
|c 3016913
|d 3018843
|